Profile: St. Patrick Quiz Stats

 Plays Quiz not verified by Sporcle

Support Sporcle.
Go Orange.
Score 0/20 Timer 05:00
0 Plays Today
Clue Answer % Correct
Patron Saint of (country)Ireland
86.1%
ReligionChristian (Catholic)
81.8%
Date of his Roman Catholic FeastMarch 17th
75.2%
According to legend, he rid Ireland of theseSnakes
71%
Used this plant to represent the TrinityShamrock
70%
Country he was born inScotland
61.4%
Latin NamePatricius
36%
Place of BurialDownpatrick
30.7%
Year Died493
28.7%
Year Born387
27.1%
Clue Answer % Correct
Diocese he establishedDiocese of Armagh
26.7%
Mountain where he fastedCroagh Patrick
26.4%
Sold into slavery in this countyAntrim
23.1%
Colors of Saint Patrick's FlagRed and White
23.1%
Missionary who had previously tried to convert IrelandSt. Palladius
22.1%
Writings (list either one)Confessio and Letter to the soldiers of Coroticus
21.8%
Pope who sent him to convert IrelandPope Celestine I
20.5%
Saint at whose monastery he studiedSt. Martin of Tours
20.1%
Bishop he accompanied to Britain to fight Pelagian heresySt. Germain of Auxerre
19.8%
Site of his first monasterySabhall Phádraig
19.5%

You're not logged in!

Compare scores with friends on all Sporcle quizzes.
OR
Log In

From the Vault

Franks Who Changed the US

by DesertSpartan

Let us be frank for a moment: Flying a kite during a thunderstorm is not a sound idea, no matter what you may discover.
Remove Ads.
Support Sporcle.
Get the best of Sporcle when you Go Orange. This ad-free experience offers more features, more stats, and more fun while also helping to support Sporcle. Thank you for becoming a member.

Show Comments

Extras

Top Quizzes Today


Score Distribution

Your Account Isn't Verified!

In order to create a playlist on Sporcle, you need to verify the email address you used during registration. Go to your Sporcle Settings to finish the process.

Report this User

Report this user for behavior that violates our Community Guidelines.

Details: